[Event "Mechanics' Spring TNM; 30/90, SD/30"]
[Site "San Francisco"]
[Date "2012.04.03"]
[Round "4.2"]
[White "Winslow, Elliott"]
[Black "Klinetobe, David"]
[Result "1-0"]
[WhiteElo "2380"]
[BlackElo "2053"]
[PlyCount "65"]
[EventDate "2012.??.??"]

1. e4 e6 2. d4 d5 3. Nd2 Nf6 4. e5 Nfd7 5. Bd3 c5 6. c3 Nc6 7. Ne2 cxd4 8. cxd4
f6 9. exf6 Nxf6 10. O-O Bd6 11. Nf3 Qc7 12. Nc3 a6 13. h3 O-O 14. Re1 Bd7 15.
Be3 Rae8 16. Rc1 Qb8 17. Na4 e5 18. dxe5 Nxe5 19. Nxe5 Bxa4 20. Qxa4 Bxe5 21.
b3 Bb2 22. Rc2 Be5 23. Rec1 Qd8 24. Bd4 Bb8 25. Qb4 Ne4 26. Qxb7 Rf7 27. Qxa6
Ng5 28. Rc8 Nxh3+ 29. Kf1 Nxf2 30. Rxd8 Nh3+ 31. Qf6 Rxd8 32. Qxf7+ Kxf7 33.
gxh3 1-0

[Event "Mechanics' Mar TNM; 30/90, SD/30"]
[Site "San Francisco"]
[Date "2012.09.25"]
[Round "9.1"]
[White "Winslow, Elliott"]
[Black "Lacounte, Brendan"]
[Result "1-0"]
[WhiteElo "2342"]
[BlackElo "1817"]
[PlyCount "91"]
[EventDate "2012.??.??"]

1. e4 e6 2. d4 d5 3. Nd2 Be7 4. Bd3 c5 5. dxc5 Nf6 6. Qe2 a5 7. Ngf3 Na6 8.
exd5 Qxd5 9. Bc4 Qxc5 10. Nb3 Qc7 11. O-O Nc5 12. Nbd4 O-O 13. Nb5 Qb8 14. g3
Bd7 15. Bf4 Qc8 16. Nd6 Qc6 17. Rad1 Nh5 18. Be5 f6 19. Nd4 Qb6 20. Qxh5 (20.
N4f5) (20. N6f5) 20... fxe5 21. N6f5 Bf6 22. Nb3 Be8 23. Qe2 Nxb3 24. axb3 Bf7
25. Rd6 Qc7 26. Bxe6 Bxe6 27. Rxe6 Qf7 28. Rd6 Bg5 29. Ne3 Qe7 30. Rfd1 Rad8
31. Rxd8 Rxd8 32. Rxd8+ Qxd8 33. Nc4 Bf6 34. Nxe5 Qe8 35. Qc4+ Kf8 36. Qc5+ Qe7
37. Qc8+ Qd8 38. Nd7+ Kf7 39. Qxb7 Bxb2 40. Ne5+ Ke6 41. Nd3 Bd4 42. Qe4+ Kf7
43. Qxh7 Qf6 44. Qh5+ Kg8 45. Qxa5 Qf3 46. Qd8+ 1-0

[Event "Mechanics' Winter TNM; 30/90, SD/30"]
[Site "San Francisco"]
[Date "2012.02.14"]
[Round "7.1"]
[White "Winslow, Elliott"]
[Black "Liu, Daniel"]
[Result "1/2-1/2"]
[WhiteElo "2421"]
[BlackElo "2114"]
[PlyCount "81"]
[EventDate "2012.??.??"]

1. e4 c5 2. Nf3 Nc6 3. d4 cxd4 4. Nxd4 g6 5. Nc3 Bg7 6. Be3 Nf6 7. Bc4 Qa5 8.
O-O O-O 9. Nb3 Qc7 10. f4 d6 11. Be2 Bd7 12. Rf2 Rfd8 13. Bf3 Rac8 14. Nd5 Nxd5
15. exd5 Na5 16. Bd4 Bxd4 17. Qxd4 Qb6 18. Qxb6 axb6 19. c3 Nxb3 20. axb3 Ra8
21. Re1 Re8 22. Rd2 Ra2 23. Kf2 h5 24. h3 h4 25. Re4 Kf8 26. Rb4 b5 27. Be2 Ra5
28. g3 hxg3+ 29. Kxg3 Kg7 30. Re4 Kf6 31. b4 Ra1 32. Bg4 Bf5 33. Re3 Rc1 34.
Be2 Rh8 35. Kg2 Bd7 36. Bd3 Rh5 37. Be4 Rh8 38. Rde2 b6 39. Bd3 Rd1 40. Bc2 Rc1
41. Bd3 1/2-1/2

[Event "Mechanics' Summer TNM; 30/90, SD/30"]
[Site "San Francisco"]
[Date "2012.05.22"]
[Round "1.1"]
[White "Winslow, Elliott"]
[Black "Miller, David"]
[Result "1/2-1/2"]
[WhiteElo "2365"]
[BlackElo "1809"]
[PlyCount "144"]
[EventDate "2012.??.??"]

1. e4 e5 2. Nf3 Nf6 3. Nxe5 Nxe4 4. Qe2 Qe7 5. Qxe4 d6 6. d4 dxe5 7. dxe5 Nc6
8. Bf4 g5 9. Bg3 f5 10. Qe2 f4 11. Nc3 Qxe5 12. O-O-O Qxe2 13. Bxe2 Bf5 14.
Rhe1 Kf7 15. Bh5+ Kg7 16. Rd5 Kf6 17. h4 fxg3 18. hxg5+ Kxg5 19. Ne4+ Kxh5 20.
Rxf5+ Kg6 21. Rf6+ Kg7 22. Re3 Bd6 23. f4 Rhf8 24. Rxg3+ Kh8 25. Rg4 Rxf6 26.
Nxf6 Rf8 27. Nh5 Rf5 28. Rh4 Be7 29. Rh3 Bd6 30. g3 Nd4 31. Kd2 Kg8 32. Kd3 Ne6
33. Ke4 Rf7 34. c4 Kf8 35. Rh1 Ng7 36. Nxg7 Rxg7 37. Kf3 Kf7 38. g4 Kf6 39.
Rh6+ Kf7 40. Rh5 Kf6 41. c5 Be7 42. b4 c6 43. Rh6+ Kf7 44. g5 Kg8 45. Re6 Rf7
46. Kg4 Kg7 47. f5 Bd8 48. Rd6 Bc7 49. Re6 Kf8 50. f6 Rd7 51. Kh5 Kf7 52. Re4
Bd8 53. a4 Rd2 54. Rf4 Rd5 55. Kh6 Rd3 56. Kh5 Rh3+ 57. Kg4 Rd3 58. Kh5 Bc7 59.
Re4 Bd8 60. Rf4 Rd5 61. Kh6 Rd1 62. Kh5 Rh1+ 63. Kg4 Kg6 64. f7 Rg1+ 65. Kh3
Be7 66. f8=Q Bxf8 67. Rxf8 Rxg5 68. Rb8 Rh5+ 69. Kg4 Rg5+ 70. Kh4 Rh5+ 71. Kg4
Rg5+ 72. Kh4 Rh5+ 1/2-1/2

[Event "Mechanics' Spring TNM; 30/90, SD/30"]
[Site "San Francisco"]
[Date "2012.03.13"]
[Round "1.1"]
[White "Winslow, Elliott"]
[Black "Nagarajan, Pranav"]
[Result "1-0"]
[WhiteElo "2380"]
[BlackElo "1819"]
[PlyCount "117"]
[EventDate "2012.??.??"]

1. d4 Nf6 2. c4 c5 3. d5 g6 4. Nc3 Bg7 5. e4 d6 6. h3 O-O 7. Nf3 e6 8. Bd3 exd5
9. exd5 Re8+ 10. Be3 Nbd7 11. O-O a6 12. a4 Ne5 13. Nxe5 Rxe5 14. Bf4 Re8 15.
g4 h5 16. f3 Qb6 17. Qc2 Kh7 18. a5 Qc7 19. Qh2 Rd8 20. Bg5 Kg8 21. Rfe1 Bd7
22. Qf4 Nh7 23. Bh6 Be5 24. Qd2 hxg4 25. hxg4 Re8 26. Kg2 Bd4 27. Ne4 Nf6 28.
Ng5 Rxe1 29. Rxe1 Re8 30. Ne6 Bxe6 31. dxe6 Rxe6 32. Rxe6 fxe6 33. Qg5 Kh8 34.
Qxg6 Qh7 35. Qg5 Qc7 36. Qh4 Nh7 37. g5 Qe7 38. f4 d5 39. Bf8 Qd7 40. g6 Kg8
41. gxh7+ Kxf8 42. h8=Q+ Bxh8 43. Qxh8+ Ke7 44. Qg7+ Kd8 45. Qf8+ Kc7 46. Qxc5+
Kb8 47. Qd4 Qc8 48. cxd5 Qg8+ 49. Kf2 exd5 50. f5 Qg5 51. f6 Qd2+ 52. Kf3 Qd1+
53. Kf4 Qd2+ 54. Kf5 Qxa5 55. f7 Qd8 56. Qc5 Qd7+ 57. Kf6 Qd8+ 58. Kg6 b6 59.
f8=Q 1-0

[Event "Mechanics' Mar TNM; 30/90, SD/30"]
[Site "San Francisco"]
[Date "2012.07.31"]
[Round "1.1"]
[White "Winslow, Elliott"]
[Black "Poling, Scott"]
[Result "1-0"]
[WhiteElo "2342"]
[BlackElo "1788"]
[PlyCount "59"]
[EventDate "2012.??.??"]

1. e4 e6 2. d4 d5 3. Nd2 dxe4 4. Nxe4 Bd7 5. Nf3 Bc6 6. Bd3 Nd7 7. Qe2 Ngf6 8.
Neg5 Bxf3 9. Qxf3 c6 10. O-O Be7 11. Re1 O-O 12. Qh3 h6 13. Nxe6 fxe6 14. Qxe6+
Kh8 15. Qxe7 Re8 16. Qxd8 Raxd8 17. Rxe8+ Rxe8 18. Be3 Nd5 19. Bd2 N7f6 20. Re1
Rxe1+ 21. Bxe1 Nf4 22. Bf1 Kg8 23. Bd2 N4d5 24. c4 Nb6 25. f3 Kf7 26. Kf2 Ne8
27. b3 Ke6 28. g3 Nf6 29. h4 Nbd7 30. g4 1-0

[Event "Mechanics' Fall TNM; 30/90, SD/30"]
[Site "San Francisco"]
[Date "2012.10.16"]
[Round "1.1"]
[White "Winslow, Elliott"]
[Black "Poling, Scott"]
[Result "1-0"]
[WhiteElo "2293"]
[BlackElo "1747"]
[PlyCount "35"]
[EventDate "2012.??.??"]

1. d4 e6 2. c4 Nf6 3. Nf3 c5 4. d5 b5 5. Bg5 Bb7 6. Nc3 bxc4 7. e4 exd5 8. exd5
d6 9. Qa4+ Nbd7 10. Bxf6 Qxf6 11. Bxc4 O-O-O 12. Qxa7 Re8+ 13. Kf1 Ne5 14. Ba6
Bxa6+ 15. Qxa6+ Kd8 16. Qa8+ Kd7 17. Qb7+ Kd8 18. Nb5 1-0

[Event "Mechanics' Winter TNM; 30/90, SD/30"]
[Site "San Francisco"]
[Date "2012.01.24"]
[Round "4.3"]
[White "Winslow, Elliott"]
[Black "Todortsev, Victor"]
[Result "1-0"]
[WhiteElo "2421"]
[BlackElo "1959"]
[PlyCount "123"]
[EventDate "2012.??.??"]

1. e4 g6 2. d4 Bg7 3. c4 d6 4. Nc3 c6 5. Be2 e6 6. Nf3 Ne7 7. Bf4 O-O 8. Qd2 d5
9. O-O-O a6 10. c5 b6 11. cxb6 Qxb6 12. Bd6 Re8 13. Na4 Qd8 14. Qf4 e5 15. Bxe5
Bxe5 16. dxe5 Qa5 17. Nc3 Be6 18. Qh6 Nd7 19. Ng5 Nf8 20. Rd4 dxe4 21. Nxe6 Nf5
22. Qd2 Nxe6 23. Rxe4 Rad8 24. Qc2 Ned4 25. Qa4 Nxe2+ 26. Rxe2 Rxe5 27. Qxa5
Rxa5 28. Rd1 Rxd1+ 29. Kxd1 Nd4 30. Re8+ Kg7 31. a4 Ne6 32. Rc8 Rc5 33. Kd2 a5
34. g3 h5 35. f4 h4 36. b3 Nd4 37. Rb8 Nf3+ 38. Kd3 Nxh2 39. gxh4 Nf3 40. b4
axb4 41. Rxb4 Nxh4 42. Rc4 Ra5 43. Rxc6 Ng2 44. Ke4 f5+ 45. Kf3 Ne1+ 46. Kg3
Nd3 47. Rd6 Nc5 48. Kh4 Kh6 49. Rd5 Kg7 50. Re5 Kf6 51. Nd5+ Kf7 52. Re7+ Kf8
53. Kg5 Ne4+ 54. Kxg6 Rxd5 55. Rf7+ Ke8 56. Rxf5 Rd6+ 57. Kg7 Ra6 58. Re5+ Kd7
59. Rxe4 Ra5 60. Kg6 Ra6+ 61. Kg5 Ra5+ 62. f5 {
=> Kg7, Re8, f7, a4; Kd7, Rf1 etc.} 1-0

[Event "Mechanics' Fall TNM; 30/90, SD/30"]
[Site "San Francisco"]
[Date "2012.10.30"]
[Round "3.1"]
[White "Winslow, Elliott"]
[Black "Watson, Farid"]
[Result "1-0"]
[WhiteElo "2293"]
[BlackElo "2095"]
[PlyCount "81"]
[EventDate "2012.??.??"]

1. d4 Nf6 2. c4 e6 3. Nf3 Bb4+ 4. Nbd2 O-O 5. a3 Be7 6. e4 d5 7. e5 Ne4 8. Qc2
f5 9. exf6 Bxf6 10. Nxe4 dxe4 11. Qxe4 c5 12. Bd3 g6 13. dxc5 Nd7 14. Be3 Bxb2
15. Ra2 Bc3+ 16. Ke2 Nf6 17. Qh4 Nh5 18. Qxd8 Rxd8 19. g4 Nf6 20. Rc1 Ba5 21.
h3 Bd7 22. Rb2 Bc6 23. Ne5 Bg2 24. Rg1 Bc3 25. Rb3 Bxe5 26. Rxg2 Rd7 27. Rg1
Rad8 28. Rgb1 Bd4 29. g5 Nh5 30. Rxb7 e5 31. c6 Rxb7 32. cxb7 Rb8 33. c5 Nf4+
34. Bxf4 exf4 35. c6 Be5 36. Rb5 Bc7 37. Rd5 Re8+ 38. Kf3 Kf7 39. Rd7+ Re7 40.
Bc4+ Kf8 41. Rxc7 1-0

[Event "Mechanics' Winter TNM; 30/90, SD/30"]
[Site "San Francisco"]
[Date "2012.02.07"]
[Round "6.1"]
[White "Winslow, Elliott"]
[Black "Wong, Russell"]
[Result "1-0"]
[WhiteElo "2421"]
[BlackElo "2200"]
[PlyCount "51"]
[EventDate "2012.??.??"]

1. e4 Nf6 2. e5 Nd5 3. d4 d6 4. c4 Nb6 5. f4 dxe5 6. fxe5 Nc6 7. Be3 Bf5 8. Nc3
e6 9. Nf3 Be7 10. d5 Nb4 11. Rc1 O-O 12. a3 Na6 13. b4 f6 14. d6 fxe5 15. dxe7
Qxe7 16. Bg5 Qe8 17. Nxe5 h6 18. Bh4 g5 19. Bg3 Rd8 20. Qb3 Nd7 21. c5 Nxe5 22.
Bxe5 Bd3 23. Rd1 Qf7 24. Rxd3 Qf5 25. Nd1 Qxe5+ 26. Re3 1-0

[Event "Mechanics' Mar TNM; 30/90, SD/30"]
[Site "San Francisco"]
[Date "2012.09.11"]
[Round "7.1"]
[White "Winslow, Elliott"]
[Black "Zavadsky, Peter"]
[Result "1-0"]
[WhiteElo "2342"]
[BlackElo "2307"]
[PlyCount "105"]
[EventDate "2012.??.??"]

1. e4 e6 2. d4 d5 3. Nd2 Nf6 4. e5 Nfd7 5. Bd3 c5 6. c3 b6 7. Ne2 Ba6 8. Bxa6
Nxa6 9. O-O Nc7 10. f4 f5 11. exf6 Nxf6 12. Nf3 Bd6 13. Ng3 O-O 14. Qd3 cxd4
15. cxd4 Qd7 16. Bd2 a6 17. Rac1 Rac8 18. Rfe1 g6 19. Ne5 Qg7 20. Rc6 Nb5 21.
Rec1 Rxc6 22. Rxc6 Qe7 23. a4 Na7 24. Rxb6 Nc8 25. Rxa6 Bxe5 26. dxe5 Ng4 27.
b4 g5 28. Qe2 Nh6 29. fxg5 Nf5 30. Nxf5 Rxf5 31. Rc6 Qd7 32. Qa6 Ne7 33. Rxe6
Qc7 34. g4 Rf8 35. Rf6 Ng6 36. Qe6+ Kg7 37. Rxf8 Nxf8 38. Qf6+ Kg8 39. e6 Qb6+
40. Kg2 Nxe6 41. h4 d4 42. g6 hxg6 43. Qxg6+ Kf8 44. Qe4 Qd6 45. h5 Kg8 46. a5
Nf8 47. b5 Qa3 48. Qd5+ Kh7 49. Qxd4 Qa2 50. Kg3 Ne6 51. Qe4+ Kg8 52. Qg6+ Ng7
53. Bc3 1-0

[Event "Mechanics' Winter TNM; 30/90, SD/30"]
[Site "San Francisco"]
[Date "2012.02.07"]
[Round "6.25"]
[White "Wishard, Bruce"]
[Black "Graham, Ryan"]
[Result "0-1"]
[WhiteElo "1370"]
[BlackElo "1280"]
[PlyCount "76"]
[EventDate "2012.??.??"]

1. e4 c5 2. Nf3 d6 3. Nc3 Nc6 4. Bb5 Bd7 5. d3 a6 6. Ba4 b5 7. Bb3 e6 8. a3 Nf6
9. O-O Be7 10. Re1 O-O 11. e5 dxe5 12. Nxe5 Nxe5 13. Rxe5 Qc7 14. Re3 Bd6 15.
g3 Rad8 16. Ne4 Nxe4 17. Rxe4 Bc6 18. Rg4 Kh8 19. Bf4 Bxf4 20. Rxf4 c4 21. Ba2
cxd3 22. cxd3 Rd6 23. Rc1 Qb7 24. b4 g5 25. Rf6 Kg7 26. Qh5 Kxf6 27. Qh6+ Ke7
28. Qxh7 Bd5 29. Bb1 Ke8 30. Qh6 f6 31. d4 Be4 32. Ba2 Ke7 33. Qh3 Bf5 34. Qf1
Rh8 35. Rc3 Bh3 36. Rc7+ Qxc7 37. Qd3 Qc1+ 38. Qf1 Qxf1# 0-1

[Event "Mechanics' Winter TNM; 30/90, SD/30"]
[Site "San Francisco"]
[Date "2012.02.21"]
[Round "8.25"]
[White "Wishard, Bruce"]
[Black "Lkhagvatsoght, Noel"]
[Result "1-0"]
[WhiteElo "1370"]
[BlackElo "662"]
[PlyCount "49"]
[EventDate "2012.??.??"]

1. e4 c5 2. Nc3 d6 3. Nf3 Nc6 4. Bb5 Bd7 5. Bxc6 Bxc6 6. d4 cxd4 7. Nxd4 Bd7 8.
O-O Nf6 9. Bg5 e6 10. Re1 Be7 11. e5 dxe5 12. Rxe5 Bd6 13. Re2 h6 14. Bh4 a6
15. Nf5 Bf8 16. Nd6+ Bxd6 17. Qxd6 Rc8 18. Rd1 Rc6 19. Qb4 Rb6 20. Qa3 g5 21.
Bg3 Qc8 22. Be5 Qd8 23. Red2 Rg8 24. Bxf6 Qxf6 25. Rxd7 1-0

[Event "Mechanics' Spring TNM; 30/90, SD/30"]
[Site "San Francisco"]
[Date "2012.03.20"]
[Round "2.19"]
[White "Wishard, Bruce"]
[Black "MacIntyre, Brendan"]
[Result "0-1"]
[WhiteElo "1370"]
[BlackElo "1795"]
[PlyCount "90"]
[EventDate "2012.??.??"]

1. e4 c5 2. Nf3 Nc6 3. d4 cxd4 4. Nxd4 g6 5. Be2 Bg7 6. c3 Nf6 7. Bf3 O-O 8.
O-O d5 9. Nd2 dxe4 10. Nxe4 Nxe4 11. Bxe4 Nxd4 12. cxd4 Bxd4 13. Qb3 Qb6 14.
Bd2 Qxb3 15. axb3 Bxb2 16. Rae1 Rb8 17. Re2 b6 18. Bh6 Bg7 19. Bxg7 Kxg7 20.
Bd3 e6 21. Rfe1 Bb7 22. Rc2 Rfd8 23. Bc4 a6 24. h3 b5 25. Be2 Rbc8 26. Rxc8
Rxc8 27. Rd1 Bd5 28. Rd3 a5 29. Bf3 Bxf3 30. Rxf3 b4 31. Rd3 Rc3 32. Rd7 Rxb3
33. Ra7 Ra3 34. Rb7 b3 35. Rb5 a4 36. Rb4 Ra2 37. Rd4 b2 38. Rb4 a3 39. Rb3
Ra1+ 40. Kh2 b1=Q 41. Rxb1 Rxb1 42. Kg3 a2 43. f3 a1=Q 44. Kh2 Qe5+ 45. g3 Qe2#
0-1

[Event "Mechanics' Spring TNM; 30/90, SD/30"]
[Site "San Francisco"]
[Date "2012.04.03"]
[Round "4.18"]
[White "Wishard, Bruce"]
[Black "Morton, Adam"]
[Result "0-1"]
[WhiteElo "1370"]
[BlackElo "1849"]
[PlyCount "56"]
[EventDate "2012.??.??"]

1. e4 e5 2. Nf3 Nc6 3. Bb5 a6 4. Ba4 Nf6 5. Nc3 b5 6. Bb3 Bc5 7. O-O O-O 8. d3
h6 9. Be3 Qe7 10. Qd2 Na5 11. d4 Nxb3 12. axb3 exd4 13. Nxd4 Nxe4 14. Nxe4 Qxe4
15. Rae1 Bb7 16. f3 Qg6 17. Rf2 Rae8 18. Rfe2 f5 19. Qd3 Qf6 20. c4 Rxe3 21.
Rxe3 Bxd4 22. R1e2 f4 23. cxb5 fxe3 24. Qc4+ Kh8 25. Qxc7 Bxf3 26. Re1 e2+ 27.
Kh1 Bxg2+ 28. Kxg2 Qf3# 0-1

[Event "Mechanics' Spring TNM; 30/90, SD/30"]
[Site "San Francisco"]
[Date "2012.05.01"]
[Round "8.23"]
[White "Wishard, Bruce"]
[Black "Sherwood, Peter"]
[Result "0-1"]
[WhiteElo "1370"]
[BlackElo "1727"]
[PlyCount "106"]
[EventDate "2012.??.??"]

1. Nf3 Nf6 2. d4 d5 3. Nc3 e6 4. Bf4 c5 5. Nb5 Qa5+ 6. Nc3 Ne4 7. Bd2 Nxd2 8.
Qxd2 Nc6 9. e3 c4 10. Be2 Bd6 11. O-O O-O 12. a3 a6 13. e4 f6 14. exd5 exd5 15.
Kh1 Be6 16. Rfe1 Rfe8 17. Ng1 Qc7 18. Nf3 Re7 19. b3 b5 20. a4 Rb8 21. axb5
axb5 22. Ra2 Bb4 23. Rea1 cxb3 24. cxb3 Na5 25. Nxb5 Bxd2 26. Nxc7 Rxc7 27.
Nxd2 Nxb3 28. Rb1 Rc1+ 29. Rxc1 Nxc1 30. Ra1 Nxe2 31. Re1 Nxd4 32. h3 Kf7 33.
Rd1 Nf5 34. g4 Nd6 35. Nf3 Ne4 36. Kg1 Rb3 37. Kg2 Rb2 38. Rf1 Nd2 39. Nxd2
Rxd2 40. Kg3 d4 41. h4 d3 42. h5 Re2 43. Rb1 d2 44. Rb7+ Ke8 45. Rb8+ Ke7 46.
Rb7+ Kd6 47. Rb6+ Kc5 48. Rb1 Re1 49. Rxe1 dxe1=Q 50. Kg2 Bd5+ 51. Kg3 Qg1+ 52.
Kh3 Qg2+ 53. Kh4 Qh2# 0-1

[Event "Mechanics' Fall TNM; 30/90, SD/30"]
[Site "San Francisco"]
[Date "2012.11.13"]
[Round "5.17"]
[White "Woebcke, Carl"]
[Black "Campers, Willie"]
[Result "1/2-1/2"]
[WhiteElo "1786"]
[BlackElo "1607"]
[PlyCount "49"]
[EventDate "2012.??.??"]

1. e4 e6 2. d4 d5 3. Nd2 Be7 4. Bd3 c5 5. c3 Nc6 6. Ngf3 Nf6 7. e5 Nd7 8. O-O
cxd4 9. cxd4 O-O 10. Qc2 f5 11. a3 Kh8 12. b4 a6 13. Nb3 Rg8 14. h3 g5 15. Nh2
Nf8 16. Be2 Bd7 17. Bh5 Be8 18. Qe2 Bxh5 19. Qxh5 Qe8 20. Qxe8 Rxe8 21. g4 f4
22. Nf3 b6 23. Bd2 Rc8 24. Kg2 Ng6 25. Rac1 1/2-1/2

[Event "Mechanics' Summer TNM; 30/90, SD/30"]
[Site "San Francisco"]
[Date "2012.05.22"]
[Round "1.22"]
[White "Woebcke, Carl"]
[Black "Cowgill, Jackie"]
[Result "1-0"]
[WhiteElo "1831"]
[BlackElo "834"]
[PlyCount "53"]
[EventDate "2012.??.??"]

1. e4 e5 2. f4 Bc5 3. Nf3 d6 4. c3 Bg4 5. d4 Bxf3 6. Qxf3 exd4 7. cxd4 Bxd4 8.
Nc3 Nf6 9. Be3 Bxe3 10. Qxe3 O-O 11. O-O-O Nbd7 12. g4 h6 13. h4 Nxg4 14. Qg3
h5 15. Be2 Qe7 16. Bxg4 hxg4 17. Qxg4 Nc5 18. Rdg1 f6 19. h5 Kf7 20. Qxg7+ Ke6
21. Qg4+ Kf7 22. Qg6+ Ke6 23. Nd5 Qd8 24. Qf5+ Kf7 25. Qh7+ Ke8 26. Nxc7+ Qxc7
27. Qxc7 1-0

[Event "Mechanics' Fall TNM; 30/90, SD/30"]
[Site "San Francisco"]
[Date "2012.12.11"]
[Round "9.14"]
[White "Woebcke, Carl"]
[Black "Flores, David"]
[Result "1-0"]
[WhiteElo "1786"]
[BlackElo "1539"]
[PlyCount "52"]
[EventDate "2012.??.??"]

1. e4 e5 2. f4 exf4 3. Nf3 h6 4. Bc4 d6 5. h4 Nf6 6. d3 Nh5 7. Nc3 Nc6 8. Ne2
Ne5 9. Nxf4 Nxf4 10. Bxf4 Nxc4 11. dxc4 Qe7 12. Qd4 Bg4 13. O-O-O f6 14. Rhe1
Qf7 15. e5 Be7 16. exd6 cxd6 17. Bxd6 Be6 18. Bxe7 Qxe7 19. Rxe6 Qxe6 20. Re1
Qxe1+ 21. Nxe1 O-O 22. Qd5+ Kh8 23. Nd3 b6 24. Nf4 Rad8 25. Ng6+ Kh7 26. Nxf8+
Rxf8 1-0

[Event "Mechanics' Fall TNM; 30/90, SD/30"]
[Site "San Francisco"]
[Date "2012.11.27"]
[Round "7.20"]
[White "Woebcke, Carl"]
[Black "Harris, Clarence"]
[Result "1-0"]
[WhiteElo "1786"]
[BlackElo "1323"]
[PlyCount "41"]
[EventDate "2012.??.??"]

1. e4 e5 2. f4 d5 3. exd5 e4 4. d3 Nf6 5. dxe4 Bg4 6. Be2 Bxe2 7. Qxe2 Be7 8.
Nc3 O-O 9. Be3 Re8 10. O-O-O Bb4 11. Bd4 Bxc3 12. Bxc3 Nxe4 13. Be5 Nd6 14. Qg4
g6 15. Nf3 Nf5 16. Qg5 Qxg5 17. Nxg5 Nd6 18. Rhe1 Nd7 19. Bxd6 cxd6 20. Ne4 Nb6
21. Nf6+ 1-0

[Event "Mechanics' Summer TNM; 30/90, SD/30"]
[Site "San Francisco"]
[Date "2012.06.05"]
[Round "3.17"]
[White "Woebcke, Carl"]
[Black "Lazaro, Fernando"]
[Result "1-0"]
[WhiteElo "1831"]
[BlackElo "1254"]
[PlyCount "51"]
[EventDate "2012.??.??"]

1. e4 e5 2. f4 d6 3. Nf3 exf4 4. d4 Nf6 5. Nc3 Be7 6. Bxf4 Bg4 7. h3 Bh5 8. Bd3
Nc6 9. g4 Bg6 10. Qe2 a6 11. O-O-O b5 12. d5 Nb4 13. Bxb5+ Kf8 14. Bc4 a5 15.
a3 Qb8 16. Nd2 Qb7 17. axb4 axb4 18. Ncb1 Nd7 19. Nb3 Bf6 20. g5 Be5 21. Bxe5
Nxe5 22. Bb5 h5 23. Rd4 h4 24. Rxb4 Ke7 25. Bc6 Bh5 26. Qf2 {
remainder illegible} 1-0

[Event "Mechanics' Summer TNM; 30/90, SD/30"]
[Site "San Francisco"]
[Date "2012.07.10"]
[Round "8.17"]
[White "Woebcke, Carl"]
[Black "Mar, Henry"]
[Result "1-0"]
[WhiteElo "1831"]
[BlackElo "1505"]
[PlyCount "71"]
[EventDate "2012.??.??"]

1. e4 c6 2. d4 d5 3. Nc3 dxe4 4. Nxe4 Bf5 5. Ng3 Bg6 6. Nf3 h6 7. Ne5 Bh7 8.
Bd3 Bxd3 9. Qxd3 Nf6 10. O-O e6 11. Re1 Qc7 12. Nf5 Nbd7 13. Bf4 Qb6 14. Nc4
Qa6 15. Nfd6+ Bxd6 16. Nxd6+ Ke7 17. Qh3 Nd5 18. Bg3 N7f6 19. a3 Rad8 20. c4
Rxd6 21. Bxd6+ Kxd6 22. Qg3+ Ke7 23. cxd5 cxd5 24. Rac1 Qb6 25. Rc7+ Nd7 26.
Qxg7 Rd8 27. Rc2 Nf6 28. Rec1 Ne8 29. Qe5 Qd6 30. Qe3 a6 31. Qxh6 Rd7 32. Qh4+
Nf6 33. Rc8 Rd8 34. R1c7+ Rd7 35. Qh8 Rxc7 36. Qf8+ 1-0

[Event "Mechanics' Fall TNM; 30/90, SD/30"]
[Site "San Francisco"]
[Date "2012.10.23"]
[Round "2.9"]
[White "Woebcke, Carl"]
[Black "Steigum, Erling"]
[Result "1-0"]
[WhiteElo "1786"]
[BlackElo "1988"]
[PlyCount "59"]
[EventDate "2012.??.??"]

1. e4 c5 2. Nf3 e6 3. d4 cxd4 4. Nxd4 Nc6 5. Be3 Qc7 6. a3 Nf6 7. Nc3 a6 8. Be2
Be7 9. O-O Ne5 10. f4 Nc4 11. Bxc4 Qxc4 12. e5 Nd5 13. Nxd5 Qxd5 14. c4 Qe4 15.
Rf3 b6 16. f5 Bb7 17. fxe6 fxe6 18. Bf2 O-O-O 19. Qb3 Rhf8 20. Re1 Rxf3 21.
Nxf3 Qg4 22. h3 Qg6 23. Bxb6 Rf8 24. Re3 Bg5 25. Rd3 Bf4 26. Qd1 (26. Qb4 $1)
26... Qg3 (26... Bxe5) 27. Rxd7 (27. Qa4 Rf7 28. Qa5) 27... Bg5 28. Qd6 Qxg2+
29. Kxg2 Bxf3+ 30. Kg1 1-0

[Event "Mechanics' Summer TNM; 30/90, SD/30"]
[Site "San Francisco"]
[Date "2012.06.19"]
[Round "5.11"]
[White "Woebcke, Carl"]
[Black "Zhao, Art"]
[Result "0-1"]
[WhiteElo "1831"]
[BlackElo "2004"]
[PlyCount "60"]
[EventDate "2012.??.??"]

1. e4 c5 2. Nf3 d6 3. d4 cxd4 4. Nxd4 Nf6 5. Nc3 Nc6 6. Bc4 e6 7. O-O Be7 8. f4
O-O 9. Bb3 Bd7 10. f5 Nxd4 11. Qxd4 Qc7 12. fxe6 fxe6 13. Bf4 Nh5 14. Be3 Kh8
15. Rad1 Rxf1+ 16. Kxf1 d5 17. e5 Rf8+ 18. Kg1 Nf4 19. Kh1 Ng6 20. Bxd5 exd5
21. Nxd5 Qxc2 22. Nxe7 Nxe5 23. Bh6 Qe2 24. Be3 Bg4 25. Rg1 Nf3 26. Qc5 Re8 27.
Nd5 Nxg1 28. Bxg1 b6 29. Qc3 Qe5 30. Qc4 Be6 0-1

[Event "Mechanics' Fall TNM; 30/90, SD/30"]
[Site "San Francisco"]
[Date "2012.10.23"]
[Round "2.3"]
[White "Wong, Russell"]
[Black "Anderson, Michael"]
[Result "1-0"]
[WhiteElo "2212"]
[BlackElo "1923"]
[PlyCount "58"]
[EventDate "2012.??.??"]

1. d4 Nf6 2. c4 e5 3. dxe5 Ng4 4. Nf3 Bc5 5. e3 Nc6 6. a3 (6. Be2 Ngxe5 7. Nxe5
Nxe5 8. Nc3 O-O 9. O-O a5 10. b3 Re8 11. Bb2 Ra6 12. Ne4 Bf8 13. Qd5 Rae6 14.
c5 Qh4 15. g3 Qe7 16. Rac1 h6 17. Kg2 Nc6 18. f3 Nb4 19. Qf5 Nxa2 20. Ra1 Nb4
21. Rxa5 b6 22. Ra7 bxc5 23. Rxc7 Qd8 {Rybka book line}) 6... a5 7. Qd5 (7. Nc3
Ngxe5 8. Nxe5 Nxe5 9. f4 Ng6 10. Bd3 d6 11. O-O f5 12. Rb1 c6 13. b4 axb4 14.
axb4 Ba7 15. Kh1 O-O 16. Rf3 Be6 17. Rh3 d5 18. Qh5 dxc4 19. Be2 Rf6 20. Qxh7+
Kf8 21. Rg3 Bg8 22. Qh5 Bf7 23. b5 Kg8 24. Rh3 Bc5 25. bxc6 bxc6 26. Qh7+ Kf8
27. Rg3 Bg8 28. Qh5 Ne7 29. Qh8 Ng6 30. Rxg6 Rxg6 31. Bxc4 Ke7 32. Rb7+ Kd6 33.
Qh5 Bxc4 34. Ne4+ {
1-0 Beliavsky,A (2599)-Mamedyarov,S (2646)/Sant Lluis 2005/CBM 109}) 7... Qe7
8. Nc3 Ngxe5 9. Qe4 d6 10. Nd5 f5 11. Qc2 Qd8 12. Bd2 O-O 13. Be2 Bd7 14. Bc3
a4 15. O-O Nxf3+ 16. gxf3 Ne5 17. f4 Ng4 (17... Ng6) 18. h3 c6 (18... Nh6 19.
Kh2 Qh4 $11 {Houdini}) 19. hxg4 cxd5 20. cxd5 fxg4 21. Kg2 Bf5 22. Bd3 Qd7 (
22... Bxd3 23. Qxd3 Qd7 $11 {Houdini}) 23. e4 Bg6 24. f5 Be8 (24... Qd8 $1 25.
Rh1 (25. fxg6 $2 Qh4 26. gxh7+ Kh8 27. Bxg7+ Kxg7 28. h8=Q+ Rxh8 29. Rh1 Qf6
30. Qc3 $11 {Houdini}) 25... Be8 $14) 25. Qe2 h5 26. f3 gxf3+ 27. Rxf3 b5 (
27... Qe7 $5) 28. Rg3 g6 29. Qxh5 Qh7 1-0

[Event "Mechanics' Winter TNM; 30/90, SD/30"]
[Site "San Francisco"]
[Date "2012.02.14"]
[Round "7.2"]
[White "Wong, Russell"]
[Black "Byambaa, Uyanga"]
[Result "1-0"]
[WhiteElo "2200"]
[BlackElo "2027"]
[PlyCount "84"]
[EventDate "2012.??.??"]

1. d4 Nf6 2. c4 g6 3. Nc3 Bg7 4. g3 O-O 5. Bg2 d6 6. Nf3 Nc6 7. O-O e5 8. e3
Bg4 9. h3 Bf5 10. b3 Ne4 11. Bb2 Nxc3 12. Bxc3 Qe7 13. d5 Nd8 14. Nh4 Bd7 15.
e4 f5 16. exf5 gxf5 17. f4 e4 18. Bxg7 Qxg7 19. Kh2 Nf7 20. Re1 Rae8 21. Re3
Qh6 22. Qe1 Qf6 23. Rd1 c6 24. Qa5 cxd5 25. Qxd5 Bc8 26. Bf1 Re7 27. Be2 Be6
28. Qd4 Qxd4 29. Rxd4 Rd8 30. g4 Nh6 31. gxf5 Nxf5 32. Nxf5 Bxf5 33. Bg4 Rf8
34. Bxf5 Rxf5 35. Rexe4 Rxe4 36. Rxe4 Kf7 37. Kg3 d5 38. Re5 Rxe5 39. fxe5 Ke6
40. Kf4 d4 41. Ke4 d3 42. Kxd3 Kxe5 {remainder illegible} 1-0